000
00239 a2200097 4500
001
18975
100
_a
Best J W
245
_a
Instruuments & Apparatus (Supplement) Poveer Test Codes Pt-20
260
_a
_b
A M S E
_c
090
_c
14061
_d
14061
942
_a
NUST-CAE
_c
M
_c
4516
999
_c
254048
_d
254048